| 000 | 00000nam 2200000zi 4500 |
| 001 | 9.945697 |
| 003 | CaOODSP |
| 005 | 20250107144101 |
| 006 | m o d f |
| 007 | cr cn||||||||| |
| 008 | 241128t20242024oncabd osb f000 0 eng d |
| 020 | |a9780660747064 |
| 040 | |aCaOODSP|beng|erda|cCaOODSP |
| 043 | |an-cn--- |
| 086 | 1 |aCS11-627/2024-58E-PDF |
| 245 | 00|aMuslim population in Canada. |
| 264 | 1|a[Ottawa] : |bStatistics Canada = Statistique Canada, |c[2024] |
| 264 | 4|c©2024 |
| 300 | |a1 online resource (1 unnumbered page) : |billustrations, maps, graphs |
| 336 | |atext|btxt|2rdacontent |
| 337 | |acomputer|bc|2rdamedia |
| 338 | |aonline resource|bcr|2rdacarrier |
| 500 | |aCaption title. |
| 500 | |aIssued also in French under title: La population musulmane au Canada. |
| 504 | |aIncludes bibliographical references. |
| 520 | |a"From 2001 to 2021, the proportion of Muslims in the Canadian population more than doubled, rising from 2.0% to 4.9%"--Page [1]. |
| 650 | 0|aMuslims|zCanada. |
| 650 | 0|aMuslims|xViolence against|zCanada. |
| 650 | 0|aEmigration and immigration|vStatistics. |
| 655 | 7|aStatistics|2lcgft |
| 710 | 2 |aStatistics Canada, |eissuing body. |
| 775 | 08|tLa population musulmane au Canada.|w(CaOODSP)9.945698 |
| 856 | 40|qPDF|s6.17 MB|uhttps://publications.gc.ca/collections/collection_2024/statcan/11-627-m/11-627-m2024058-eng.pdf |
| 856 | 4 |qHTML|sN/A|uhttps://www150.statcan.gc.ca/n1/pub/11-627-m/11-627-m2024058-eng.htm |
| 986 | |a11-627-M |